Számviteli szolgáltatás- kiszervezés folyamatmenedzsmentje

Bibliográfiai részletek
Szerző: Molnár Orsolya
További közreműködők: Majoros Dr. Pál
Dokumentumtípus: Záródolgozat
Kulcsszavak:Számvitel
Folyamatmenedzsment
Kiszervezés
Online Access:http://dolgozattar.uni-bge.hu/14992

MARC

LEADER 00000nta a2200000 i 4500
001 dolg14992
005 20200406061232.0
008 180504suuuu hu o 000 hun d
040 |a BGE Dolgozattár Repozitórium  |b hun 
041 |a hu 
100 1 |a Molnár Orsolya 
245 1 0 |a Számviteli szolgáltatás- kiszervezés folyamatmenedzsmentje  |c Molnár Orsolya  |h [elektronikus dokumentum] 
516 |a Final_paper 
695 |a Számvitel 
695 |a Folyamatmenedzsment 
695 |a Kiszervezés 
700 1 |a Majoros Dr. Pál  |e ths 
856 4 0 |u http://dolgozattar.uni-bge.hu/14992/1/ZD%202018%20MO.pdf  |z Dokumentum-elérés 
856 4 0 |u http://dolgozattar.uni-bge.hu/14992/2/bizkez.pdf  |z Dokumentum-elérés